BASIC MEASUREMENTS IN OPHTHALMOLOGY (Record no. 33641)

MARC details
000 -LEADER
fixed length control field 00396nam a22001697a 4500
003 - CONTROL NUMBER IDENTIFIER
control field SGT
020 ## - INTERNATIONAL STANDARD BOOK NUMBER
International Standard Book Number 9789352705481
082 ## - DEWEY DECIMAL CLASSIFICATION NUMBER
Classification number 617.7
Item number B19A
100 ## - MAIN ENTRY--PERSONAL NAME
Personal name ANTONY, J.
245 ## - TITLE STATEMENT
Title BASIC MEASUREMENTS IN OPHTHALMOLOGY
250 ## - EDITION STATEMENT
Edition statement 1ST
260 ## - PUBLICATION, DISTRIBUTION, ETC. (IMPRINT)
Place of publication, distribution, etc INDIA
Name of publisher, distributor, etc JAYPEE PUB
Year of Publication 2019
300 ## - PAGE DESCRIPTION
No. of Pages 258
650 ## - SUBJECT ADDED ENTRY--TOPICAL TERM
Topical term or geographic name as entry element OPHTHALMOLOGY
653 ## - KEYWORDS--INDEX TERM
Keyword term BASIC MEASUREMENTS IN OPHTHALMOLOGY
942 ## - ADDED ENTRY ELEMENTS (KOHA)
Source of classification or shelving scheme Dewey Decimal Classification
Koha item type Books
Holdings
Withdrawn status Lost status Source of classification or shelving scheme Damaged status Not for loan Collection code Home library Current library Shelving location Date acquired Vendor Name Cost, normal purchase price SGTU Bill Number Total Checkouts Full call number Accession No. (Barcode) Date last seen Bill Date Koha item type
    Dewey Decimal Classification   Not For Loan MEDICAL SGT Medical Library SGT Medical Library Reference Book 29/11/2025 ABC DELHI 1975.00 SGTU 22053   617.7 B19A FM16073 28/01/2026 29/11/2025 Books
    Dewey Decimal Classification   Not For Loan MEDICAL SGT Medical Library SGT Medical Library Reference Book 29/11/2025 ABC DELHI 1975.00 SGTU 22053   617.7 B19A FM16074 28/01/2026 29/11/2025 Books
    Dewey Decimal Classification   Not For Loan MEDICAL SGT Medical Library SGT Medical Library Reference Book 29/11/2025 ABC DELHI 1975.00 SGTU 22053   617.7 B19A FM16075 28/01/2026 29/11/2025 Books